| 000 | 00374 a2200157 4500 | ||
|---|---|---|---|
| 999 |
_c12211 _d12211 |
||
| 003 | OSt | ||
| 005 | 20231228161415.0 | ||
| 008 | 231228b ||||| |||| 00| 0 eng d | ||
| 020 | _a9788968010613 | ||
| 082 | _a729 | ||
| 100 | _aDamdi Publishing | ||
| 245 |
_aSow design seed in your mind 1: _b I am diagram |
||
| 260 |
_bDamdi _c2017 |
||
| 300 | _a111pages: | ||
| 942 | _2ddc | ||